La vida y el recuerdo de Fray Junípero Serra (Record no. 183340)

MARC details
000 -LEADER
campo de control de longitud fija 00982nam a2200205 i 4500
001 - NÚMERO DE CONTROL
campo de control 183340
003 - IDENTIFICADOR DE NÚMERO DE CONTROL
campo de control ES-MaACL
005 - FECHA Y HORA DE LA ÚLTIMA TRANSACCIÓN
campo de control 20240523153404.0
008 - DATOS DE LONGITUD FIJA--INFORMACIÓN GENERAL
campo de control de longitud fija 140327s2013 sp |||| | spa d
100 1# - ENTRADA PRINCIPAL--NOMBRE DE PERSONA
Nombre de persona Laorden Jiménez, Luis.
9 (RLIN) 154624
245 13 - MENCIÓN DEL TÍTULO
Título La vida y el recuerdo de Fray Junípero Serra
Resto del título : fundador de misiones en Sierra Gorda de Querétaro y Alta California 1713-1784 = The life and legacy of Fray Junípero Serra : founder of Missions in Sierra Gorda de Querétaro and Alta California 1713-1784 /
Mención de responsabilidad, etc. Luis Laorden Jiménez.
260 ## - PUBLICACIÓN, DISTRIBUCIÓN, ETC.
Lugar de publicación, distribución, etc. Madrid :
Nombre del editor, distribuidor, etc. Fundación Consejo España - EE.UU.,
Fecha de publicación, distribución, etc. 2013.
300 ## - DESCRIPCIÓN FÍSICA
Extensión 70 p. ;
Dimensiones 24 cm.
500 ## - NOTA GENERAL
Nota general Texto bilingüe español-inglés.
600 17 - PUNTO DE ACCESO ADICIONAL DE MATERIA--NOMBRE DE PERSONA
Nombre de persona Junípero Serra,
Títulos y otros términos asociados al nombre Santo,
Fechas asociadas al nombre 1713-1784
Fuente del encabezamiento o término
9 (RLIN) 153812
852 ## - LOCALIZACIÓN
Ubicación ES-MaACL
Número de control de estantería A-13080
itemnumber 190279
Sublocalización o colección R.149879
Ubicación en estantería Depósito 1
Signatura antigua Olim: N-6080
Donativo/Legado Donación: Luis Laorden Jiménez
903 ## - NOMBRE PERSONAL DE DONANTE
9 154624
a Laorden Jiménez, Luis
e Donante
942 ## - ELEMENTOS DE ENTRADA SECUNDARIOS (KOHA)
Fuente del sistema de clasificación o colocación Clasificación decimal universal
Tipo de ítem Koha Libro impreso
Holdings
Estatus retirado Estado de pérdida Fuente del sistema de clasificación o colocación Estado de daño No para préstamo Biblioteca de origen Biblioteca actual Ubicación en estantería Fecha de adquisición Fuente de adquisición Total de préstamos Signatura topográfica completa Código de barras Visto por última vez Precio de reemplazo Tipo de ítem Koha
    Clasificación decimal universal     Biblioteca del Ateneo de Madrid Biblioteca del Ateneo de Madrid Depósito 1 27/03/2014 Donación   A-13080 1192706 23/02/2023 23/02/2023 Libro impreso